00440 a2200181 4500260001300000100002400013700002600037260003300063245004100096300001000137650001700147650002400164650001700188260000900205130000700214250001900221020001800240 aNew york aAVERY,Thomas Eugene1 aBERLIN,Graydon Lennis bMcmillian Publishing Company aInterpretation of aerial photographs a554p. aPHOTOGRAPHIE aPHOTOINTERPRETATION aCARTOGRAPHIE c1985 lEN aFourth Edition a0-02-305030-6